| 000 | 00550nam a2200145Ia 4500 | ||
|---|---|---|---|
| 008 | 220216s9999 xx 000 0 und d | ||
| 100 | _aAhmad A | ||
| 245 | 0 | _aComparison of cure characteristics of rubbers in rotor and rotorless rheometers | |
| 260 |
_bNatural Rubber: Current Developments in Product Manufacture and Applications: Proceedings of the International Rubber Technology Conferencce, Kuala Lumpur, 1993; p212-228 _c1993 |
||
| 650 | _aCure characteristics | ||
| 650 | _aRheometer | ||
| 650 | _aRubber | ||
| 700 | _aSoo L H | ||
| 942 | _cJS | ||
| 999 |
_c55992 _d55992 |
||